01436cas a2200433 45000010009000000050017000090070003000260080041000290100017000700160018000870160020001050220017001250220023001420300011001650350024001760370083002000400084002830420014003670500016003810700014003970720009004110720009004200820008004291100041004372100027004782220037005052450038005422600047005802600030006273000021006573100015006783620029006935100034007225300024007566500026007807100059008067760110008658560027009751122375220180530163553.0t|781121c19789999ii mr p 0 a0eng c a 78914463 7 a98830062DNLM7 aSR00605372DNLM0 a0250-541X200 a2250-1454 (online) aNASLDX a(OCoLC)ocm04389308  bNational Academy of Sciences, India, 5-Lajpad Rai Rd., Allahabad 211002, India aCtYcCtYdDLCdNSDPdOCoLCdDLCdNSTdAIPdNSTdDLCdNSDPdNSTdMHdDNLMdOCoLC apccansdp00aQ73b.N25170 aQ73b.N37 0aX300 0aX500 4a5052 aNational Academy of Sciences, India.0 aNatl. Acad. Sci. lett. 0aNational Academy science letters10aNational Academy science letters. a[Allahabad]bNational Academy of Sciences. aNew DelhibSpringer India av.bill.c27 cm. aBi-monthly0 avol 37 No 1 jan-feb 20142 aChemical abstractsx0009-2258 aAlso issued online. 0aSciencevPeriodicals.2 aNational Academy of Sciences, India.tScience letters.08iOnline version:aNational Academy of Sciences, India.tNational Academy science lettersw(OCoLC)559745861 uwww.springer.com/40009